000 01503nam2a22003371 4500
001 v19\rc\1921047
005 20251118180644.2
035 _a(NLR Aleph) 005007781
090 _a6454830
_c6454830
100 _a20080404d1912 u y0rusy50 ca
101 1 _arus
_ceng
102 _aRU
105 _ay z |||a|
200 1 _aОни и я
_eПовесть
_f[Пер. А.Ф.Г.]
215 _a152 с.
461 0 _1001v19\rc\1921041
_12001#$aСобрание сочинений неподражаемого английского юмориста Джерома К. Джерома$f[Пер. с англ. Л.А. Мурахиной-Аксеновой]. Кн. 1-12$vТ. 6
_1700#1$aДжером$bД.К.$f1859-1927$gДжером Клапка
_96454767
_aДжером, Д.К. (1859-1927)
_cМосква
_d1912
_f[Пер. с англ. Л.А. Мурахиной-Аксеновой]. Кн. 1-12
_nт-во И.Д. Сытина
_p12 т.
_tСобрание сочинений неподражаемого английского юмориста Джерома К. Джерома
_vТ. 6
702 0 _aА. Ф. Г.
_4730
801 0 _aRU
_bNLR
_gpsbo
801 0 _aRU
_bRuMoRGB
_2psbo
801 1 _aRU
_bProSoft-M
_2rusmarc
852 _aNLR
_j38.2.2.4
852 _aNLR
_jЛ60/Б-3/141
899 _aRuMoRGB
_jM 73/342
899 _aRuMoRGB
_jРб 10/22-74
899 _aRuMoRGB
_jМК
899 _aRuMoRGB
_jD 52/54
899 _aRuMoRGB
_jU 379/69
899 _aБАН
899 _aНБ СПбГУ
942 _cBOOK
980 _aNB